| 000 | 00521nam a2200181 a 4500 | ||
|---|---|---|---|
| 001 | 000027442 | ||
| 005 | 20200930030833.0 | ||
| 008 | 110331s19uu dr 000 0 spa d | ||
| 082 |
_axxxx _bM332e |
||
| 100 | 1 |
_aMariacristi J. _954509 |
|
| 245 | 1 | 0 |
_a¿Embarazo natural o concepción milagrosa? / _cMariacristi J. |
| 260 |
_aSanto Domingo : _bFotomecánica Cipriano, _c[19--]. |
||
| 300 |
_a107 p. ; _c21 cm. |
||
| 504 | _aBibliografía : p. 107 | ||
| 049 |
_aBNPHU _bspa _cBNPHU |
||
| 049 | _aBNPD | ||
| 999 |
_c26934 _d26934 |
||
| 040 | _aDO-SdBNP | ||